000 006310000a22001330004500
090 _aAS
_bSeriadas
245 1 0 _aComparación de los flujos de nitrógeno y fósforo inorgánicos disueltos en la Ciénaga Grande de Santa Marta, Caribe colombiano, obtenidos a partir con cámaras de incubación in situ e incubación de núcleos de sedimento en laboratorio
041 0 _aEspañol
700 1 _aZea, Sven
_93756
700 1 _aCampos, Néstor Hernando
_935666
100 1 _aNavas S., Gabriel R.
_921239
942 _cARTICULO
773 1 _tRevista de la Academia Colombiana de Ciencias Exactas, Físicas y Naturales
_h101
_q519-531
_d2002
_g26
999 _c15517
_d15517